000 00952nam a2200277 a 4500
001 42201
003 BD-RjUL
005 20211209053516.0
008 160611s1958 mdu 000 0 eng
035 _a(BD-RjUL)42319
040 _aDLC
_cDLC
_dBD-RjUL
_beng
041 _aeng
082 0 0 _a327.43
_220
_bCRF 1958
100 1 _aCraig, Gordon Alexander
_d1913-
_9129781
245 1 0 _aFrom Bismarck to Adenauer: aspects of German statecraft /
_cGordon Alexander Craig
260 _aBaltimore :
_bJohns Hopkins Press,
_c1958.
300 _a156 p.;
_c23 cm.
490 0 _aThe Albert Shaw lectures on diplomatic history, 1958
600 1 0 _aBismarck, Otto,
_cFürst von,
_d1815-1898.
_9129782
600 1 0 _aAdenauer, Konrad,
_d1876-1967.
_9129783
650 0 _aStatesmen
_zGermany.
_9129784
650 0 _aDiplomatic and consular service, German.
_9129785
651 0 _aGermany
_xForeign relations
_y1871-
_9129786
942 _2ddc
_cBK
999 _c42201
_d42201